000 01128cab a2200277 4500
001 ABS48330
008 090401t1993 xxu||||| |||| 00| 0 eng d
035 _a(Sirsi) u66215
041 _aeng
100 _aHackett, M.
245 _aTransport and Works Act 1992
260 _c1993
350 _a0
490 _aSolicitors` Journal
_v137(9) 12 March 1993, 220-221(2)
520 _aFirst of two articles looking at the procedure for making and objecting to orders made under the Transport and Works Act 1992, which does away with the need for private members bills for transport projects, and the effects that will be felt by property owners whose rights may be affected by the SoS`s decisions on compulsory purchase of land, interference with land, access to land and rights of enjoyment to land.
650 _aCompulsory purchase
_96228
650 _aInfrastructure
_96246
650 _aOBJECTIONS
650 _aPRIVATE BILLS
650 _aRIGHTS OF ENJOYMENT
650 _aRIGHTS OF WAY
650 _aTRANSPORT AND WORKS ACT 1992
690 _aPROPERTY LAW AND PRACTICE
942 _n0
948 _c04/03/1997
999 _c41397
_d41397